|
|
|
|
| LEADER |
00000nam0a2200000 4500 |
| 001 |
167336 |
| 005 |
20231031162752.0 |
| 010 |
|
|
|a 9785160036731
|
| 035 |
|
|
|a (RuTPU)RU\TPU\book\181538
|
| 090 |
|
|
|a 167336
|
| 100 |
|
|
|a 20091014d2009 k y0rusy50 ca
|
| 101 |
0 |
|
|a rus
|
| 102 |
|
|
|a RU
|
| 105 |
|
|
|a y z 001zy
|
| 200 |
1 |
|
|a Эффективность финансирования образовательных новаций и ее экспертная оценка в высшей школе
|f Т. Н. Роденкова, В. А. Слепов
|g Российская экономическая академия им. Г. В. Плеханова (РЭА)
|
| 210 |
|
|
|a Москва
|c Инфра-М
|d 2009
|
| 215 |
|
|
|a 448 с.
|
| 225 |
1 |
|
|a Научная мысль
|
| 320 |
|
|
|a Библиогр.: с. 433-436.
|
| 330 |
|
|
|a В работе представлено научное обоснование изменения парадигмы финансирования высшего профессионального образования и разработка новых концептуально-методологических подходов к определению эффективности финансового обеспечения образовательных новаций.
|
| 606 |
1 |
|
|a Высшее образование
|2 stltpush
|3 (RuTPU)RU\TPU\subj\67539
|
| 610 |
1 |
|
|a вузы
|
| 610 |
1 |
|
|a образование
|
| 610 |
1 |
|
|a инновации
|
| 610 |
1 |
|
|a образовательные инновации
|
| 610 |
1 |
|
|a эффективность
|
| 610 |
1 |
|
|a финансирование
|
| 610 |
1 |
|
|a Россия
|
| 610 |
1 |
|
|a высшее профессиональное образование
|
| 610 |
1 |
|
|a оценка
|
| 610 |
1 |
|
|a методы
|
| 610 |
1 |
|
|a высшая школа
|
| 610 |
1 |
|
|a инвесторы
|
| 610 |
1 |
|
|a ресурсное обеспечение
|
| 610 |
1 |
|
|a индикаторы
|
| 610 |
1 |
|
|a расчеты
|
| 610 |
1 |
|
|a методика
|
| 610 |
1 |
|
|a экспертные оценки
|
| 686 |
|
|
|a Ч484(2)
|v LBC/SL-A
|2 rubbk
|
| 700 |
|
1 |
|a Роденкова
|b Т. Н.
|
| 701 |
|
1 |
|a Слепов
|b В. А.
|
| 712 |
0 |
2 |
|a Российская экономическая академия им. Г. В. Плеханова (РЭА)
|c (Москва)
|c (1991- )
|2 stltpush
|3 (RuTPU)RU\TPU\col\18
|
| 801 |
|
1 |
|a RU
|b 63413507
|c 20091014
|
| 801 |
|
2 |
|a RU
|b 63413507
|c 20100323
|g RCR
|
| 942 |
|
|
|c BK
|
| 959 |
|
|
|a 103/20091007
|d 1
|e 399,90
|f ЧЗГЛ:1
|